| 000 | 00555nam a2200205Ia 4500 | ||
|---|---|---|---|
| 005 | 20260429112201.0 | ||
| 008 | 260429s9999||||xx |||||||||||||| ||und|| | ||
| 020 | _a9789386221148 | ||
| 041 | _aEnglish | ||
| 082 |
_a330 _bDHI |
||
| 100 | _aDhingra, Ishwar C. | ||
| 245 | 0 |
_aReform to transform : _bdynamics of Indian economy during Modi-era / _cIshwar C. Dhingra |
|
| 250 | _a1st ed. | ||
| 260 |
_aNew Delhi : _bManakin Press, _c2026. |
||
| 300 | _av, 624 p.; hb | ||
| 650 | _a Economy | ||
| 650 | _a India | ||
| 650 | _aTransform | ||
| 942 | _cTB | ||
| 999 |
_c52772 _d52772 |
||